000 00429cam a22001337a 4500
008 180718b1978 xxu||||| |||| 00| 0 eng d
082 _aA81x54 In2/71/5/Pt 2 D/2
100 _aCensus of India 1971
245 _aGujarat: migration tables
260 _aDelhi
_bThe Controller of Publications
_c1978
300 _a745+p.
440 _aCensus of India 1971. Series-5, Gujarat. Part II-D (ii)
500 _aContents: Tables D-V to D-VI
999 _c485148
_d485148